Le commerce français a Seville et Cadix au temps des Habsbourg (Record no. 72381)

MARC details
000 -LEADER
campo de control de longitud fija 00861nam a2200217 i 4500
001 - NÚMERO DE CONTROL
campo de control 72381
003 - IDENTIFICADOR DE NÚMERO DE CONTROL
campo de control ES-MaACL
005 - FECHA Y HORA DE LA ÚLTIMA TRANSACCIÓN
campo de control 20250901102439.0
007 - CAMPO FIJO DE DESCRIPCIÓN FÍSICA--INFORMACIÓN GENERAL
campo de control de longitud fija t|
008 - DATOS DE LONGITUD FIJA--INFORMACIÓN GENERAL
campo de control de longitud fija 040831s1932 fr ||||1| fre d
100 1# - ENTRADA PRINCIPAL--NOMBRE DE PERSONA
Nombre de persona Girard, Albert.
9 (RLIN) 57213
245 13 - MENCIÓN DEL TÍTULO
Título Le commerce français a Seville et Cadix au temps des Habsbourg
Resto del título : contribution a l'etude du commerce etranger en Espagne aux XVI et XVIII siecles /
Mención de responsabilidad, etc. par Albert Girard.
260 ## - PUBLICACIÓN, DISTRIBUCIÓN, ETC.
Lugar de publicación, distribución, etc. Paris :
Nombre del editor, distribuidor, etc. Boccard,
Fecha de publicación, distribución, etc. 1932 (
Lugar de fabricación/manufactura Bordeaux :
Fabricante J. Biere)
300 ## - DESCRIPCIÓN FÍSICA
Extensión XXIII, 607 p. ;
Dimensiones 25 cm.
650 #7 - PUNTO DE ACCESO ADICIONAL DE MATERIA--TÉRMINO DE MATERIA
Término de materia o nombre geográfico como elemento de entrada Comercio-
Subdivisión geográfica Andalucía
Fuente del encabezamiento o término
9 (RLIN) 163019
651 #7 - PUNTO DE ACCESO ADICIONAL DE MATERIA--NOMBRE GEOGRÁFICO
Nombre geográfico España-
Subdivisión general Comercio exterior-
Subdivisión geográfica Francia
Fuente del encabezamiento o término
9 (RLIN) 163020
651 #7 - PUNTO DE ACCESO ADICIONAL DE MATERIA--NOMBRE GEOGRÁFICO
Nombre geográfico Francia-
Subdivisión general Comercio exterior-
Subdivisión geográfica España
Fuente del encabezamiento o término
9 (RLIN) 163021
651 #4 - PUNTO DE ACCESO ADICIONAL DE MATERIA--NOMBRE GEOGRÁFICO
Nombre geográfico España-
Subdivisión general Comercio exterior-
Subdivisión geográfica América española-
Subdivisión de forma Historia.
9 (RLIN) 163022
852 ## - LOCALIZACIÓN
Ubicación ES-MaACL
Número de control de estantería A-1738
Holdings
Estatus retirado Estado de pérdida Estado de daño No para préstamo Biblioteca de origen Biblioteca actual Ubicación en estantería Fecha de adquisición Fuente de adquisición Total de préstamos Signatura topográfica completa Código de barras Visto por última vez Precio de reemplazo Tipo de ítem Koha
        Biblioteca del Ateneo de Madrid Biblioteca del Ateneo de Madrid Sala Pecera Planta 1 17/01/2008     A-1738 1075777 23/02/2023 23/02/2023 Libro impreso